Catálogo público

Incidencia de hongos en raíz de trigo (Triticum aestivum L.) en rotación con maíz (Zea mays) en camas permanentes con aplicación de nitrógeno / (Record no. 208737)

MARC details
000 -CABECERA
campo de control de longitud fija 01075nam a2200289Ia 4500
001 - NÚMERO DE CONTROL
campo de control Para_10051
003 - IDENTIFICADOR DEL NÚMERO DE CONTROL
campo de control CHAP
008 - DATOS DE LONGITUD FIJA--INFORMACIÓN GENERAL
campo de control de longitud fija 220125sNovi xx 000 0 und d
010 ## - NÚMERO DE CONTROL DE LA BIBLIOTECA DEL CONGRESO
Número de control de LC 208737
040 ## - FUENTE DE LA CATALOGACIÓN
Centro/agencia transcriptor CHAP
090 ## - LOCALMENTE ASIGNADO TIPO-LC NÚMERO DE CLASIFICACIÓN (OCLC); NÚMERO DE CLASIFICACIÓN LOCAL (RLIN)
Número de clasificación (OCLC) (R) ; Numero de clasificación, CALL (RLIN) (NR) PA CD - TESIS 132
100 ## - ENTRADA PRINCIPAL--NOMBRE DE PERSONA
Nombre de persona Peláez Cruz, Deyxi
9 (RLIN) 86639
245 ## - MENCIÓN DE TÍTULO
Título Incidencia de hongos en raíz de trigo (Triticum aestivum L.) en rotación con maíz (Zea mays) en camas permanentes con aplicación de nitrógeno /
Mención de responsabilidad, etc. Deyxi Peláez Cruz; Director Santos Gerardo Leyva Mir
260 ## - PUBLICACIÓN, DISTRIBUCIÓN, ETC.
Lugar de publicación, distribución, etc. Chapingo, Méx. :
Nombre del editor, distribuidor, etc. el autor
300 ## - DESCRIPCIÓN FÍSICA
Extensión 1 CDS ROM (60 p.)
502 ## - NOTA DE TESIS
Nota de tesis Tesis (Ing. Agr. Esp. en Parasitología Agrícola). UACh. Departamento Parasitología Agrícola
520 ## - SUMARIO, ETC.
Sumario, etc. (M.C. en Protección Vegetal) UACh
700 ## - PUNTO DE ACCESO ADICIONAL--NOMBRE DE PERSONA
Nombre de persona Leyva Mir, Santos Gerardo. Director
9 (RLIN) 171335
710 ## - PUNTO DE ACCESO ADICIONAL--NOMBRE DE ENTIDAD CORPORATIVA
Nombre de entidad corporativa o nombre de jurisdicción como elemento de entrada UACh. Departamento Parasitología Agrícola
9 (RLIN) 164025
901 ## - ELEMENTOS DE DATOS A LOCAL LDA (RLIN)
a PA CD - TESIS 132
902 ## - ELEMENTOS DE DATOS B LOCAL, LDB (RLIN)
a M
905 ## - ELEMENTOS DE DATOS E LOCAL, LDE (RLIN)
a 513220Noviembre, 2011 anm 8100000000 06
910 ## - DATOS DE OPCIÓN DEL USUARIO (OCLC)
Datos de opción del usuario Novi
942 ## - ELEMENTOS DE PUNTO DE ACCESO ADICIONAL (KOHA)
Tipo de ítem Koha Parasitologia_
942 ## - ELEMENTOS DE PUNTO DE ACCESO ADICIONAL (KOHA)
Tipo de ítem Koha Parasitologia_
-- 2
Holdings
Estado de retiro Estado de pérdida Fuente del sistema de clasificación o colocación Estado dañado Restricciones de uso No para préstamo Código de colección Localización permanente Ubicación/localización actual Ubicación en estantería Fecha de adquisición Información codificada de la localización en otra ubicación Total de préstamos Código de barras Fecha visto por última vez Número de copia Precio válido a partir de Tipo de ítem Koha Nota pública
    Clasificación Universidad Autónoma de Chapingo   Préstamo interno   Tesis Parasitologia Agricola Parasitologia Agricola   02/12/2014 PARA   PA_010200 25/01/2022 1 25/01/2022 Tesis digital 3